| 000 | 00752nam a2200253 a 4500 | ||
|---|---|---|---|
| 008 | |||
| 020 | _a0435667475 (pbk.) | ||
| 049 | _aMAIN | ||
| 090 | _aQD151.2 | ||
| 100 | _aRawcliffe, C. T. | ||
| 245 |
_aPrinciples of inorganic and theoretical chemistry / _cC. T. Rawcliffe and D. H. Rawson. |
||
| 250 | _a2nd ed. | ||
| 260 |
_aLondon : _bHeinemann Educational, _c1974. |
||
| 300 |
_aix, 477 p. : _bill. ; _c23 cm. |
||
| 504 | _aIncludes bibliographical references. | ||
| 500 | _aIncludes index. | ||
| 650 | _aChemistry, Inorganic. | ||
| 700 | _aRawson, D. H. | ||
| 907 |
_a.b10099293 _b28-06-04 _c01-12-03 |
||
| 003 | |||
| 005 | 20230123133526.0 | ||
| 040 | _cNUST | ||
| 942 |
_cBOOKS _kQD151.2 |
||
| 999 |
_c150113 _d150113 |
||